Advances in Liquid crystals : Vol.1 /

Uložené v:
Podrobná bibliografia
Ďalší autori: Brown, Glen H. (Editor)
Médium: Kniha
Jazyk:English
Vydavateľské údaje: New York : Academic Press, 1975
Tagy: Pridať tag
Žiadne tagy, Buďte prvý, kto otaguje tento záznam!

MARC

LEADER 00000nam a22000003a 4500
001 stu220197
005 20150617230118.9
008 110119s1975----xxu-----------------eng-d
040 |a STU  |b slo 
041 0 |a eng 
044 |a xxu 
080 |a 548 
080 |a 678.7  |7 stu_us_auth*stu5836 
100 1 |a Brown, Glen H.  |4 edt 
245 1 |a Advances in Liquid crystals :  |b Vol.1 /  |c Ed.: Brown, G.H. 
260 |a New York :  |b Academic Press,  |c 1975 
300 |a 11, 320 s 
996 |b E39119  |c E*39119  |l EE05  |s P  |a 0  |w stu220197_0001